[Event "Reykjavik Open 2016"]
[Site "Reykjavik ISL"]
[Date "2016.03.09"]
[Round "3.37"]
[White "Probst, Alexander"]
[Black "Koop, Thorben"]
[Result "1/2-1/2"]
[BlackTitle "IM"]
[WhiteElo "2006"]
[BlackElo "2416"]
[WhiteFideId "4657535"]
[BlackFideId "24661619"]
[EventDate "2016.03.08"]

1. e4 d6 2. d4 Nf6 3. Nc3 Nbd7 4. Be3 e5 5. Nf3 c6 6. a4 Be7 7. Be2 a5 8. O-O
Ng4 9. Bc1 O-O 10. Ne1 Ngf6 11. Be3 Re8 12. Qd2 Bf8 13. f3 Qc7 14. Nd3 Nb8 15.
Qe1 Na6 16. Qf2 Nb4 17. Rfc1 g6 18. dxe5 dxe5 19. Bc5 Bh6 20. Be3 Bg7 21. Bf1
Nd7 22. Nc5 Nxc5 23. Bxc5 Be6 24. Rd1 Bf8 25. Bb6 Qc8 26. Rd2 Na6 27. Rad1 Be7
28. Kh1 Nb8 29. Bc5 Bg5 30. Be3 Bxe3 31. Qxe3 Nd7 32. Nb1 Qc7 33. Na3 Qb6 34.
Qc3 Nc5 35. b3 Qb4 36. Qxb4 axb4 37. Nc4 Bxc4 38. Bxc4 Kf8 39. Kg1 Ke7 40. Kf2
Ra5 41. Ke3 Rc8 42. g3 Rc7 43. f4 Ne6 44. Bxe6 exf4+ 45. Kxf4 fxe6 46. Rd8 g5+
47. Ke3 Rc5 48. Rg8 Kf7 49. Rh8 Rc3+ 50. Rd3 Rxd3+ 1/2-1/2

[Event "Reykjavik Open 2016"]
[Site "Reykjavik ISL"]
[Date "2016.03.09"]
[Round "3.38"]
[White "Jonsson, Gauti Pall"]
[Black "Christiansen, Johan-Sebastian"]
[Result "0-1"]
[BlackTitle "IM"]
[WhiteElo "1996"]
[BlackElo "2401"]
[WhiteFideId "2309092"]
[BlackFideId "1512668"]
[EventDate "2016.03.08"]

1. e4 e6 2. d4 d5 3. Nd2 c5 4. exd5 Qxd5 5. Ngf3 cxd4 6. Bc4 Qd6 7. O-O Nf6 8.
Nb3 Nc6 9. Nbxd4 Nxd4 10. Nxd4 Be7 11. c3 O-O 12. Qe2 a6 13. Rd1 Qc7 14. a4 e5
15. Nc2 Bg4 16. f3 Bh5 17. Be3 e4 18. Nd4 Bd6 19. h3 exf3 20. gxf3 Rfe8 21. Bb3
Qc8 22. Kg2 Bf4 23. Bxf4 Rxe2+ 24. Nxe2 Bxf3+ 25. Kxf3 Qxh3+ 26. Kf2 Ne4+ 27.
Kg1 Qg4+ 28. Kh1 Qxe2 29. Rf1 Nf2+ 30. Kg2 Nd3+ 31. Kg3 h5 0-1

[Event "Reykjavik Open 2016"]
[Site "Reykjavik ISL"]
[Date "2016.03.09"]
[Round "3.39"]
[White "Vuilleumier, Alexandre"]
[Black "Carlsen, Henrik"]
[Result "1-0"]
[WhiteTitle "IM"]
[WhiteElo "2366"]
[BlackElo "2011"]
[WhiteFideId "1305662"]
[BlackFideId "1502832"]
[EventDate "2016.03.08"]

1. Nf3 d5 2. g3 g6 3. Bg2 Bg7 4. d4 Nf6 5. O-O O-O 6. c4 c6 7. Qb3 Qb6 8. Nc3
Be6 9. c5 Qxb3 10. axb3 h6 11. b4 Nbd7 12. b5 Ne4 13. bxc6 bxc6 14. Ra6 Rfc8 15.
h3 Kh7 16. e3 Rc7 17. Nxe4 dxe4 18. Nd2 f5 19. f3 exf3 20. Bxf3 Rac8 21. b3 Bg8
22. Nc4 h5 23. Bd2 e5 24. Nd6 Nb8 25. Ra3 Rf8 26. Bc3 exd4 27. Bxd4 Bxd4 28.
exd4 a6 29. Re1 Kh6 30. b4 g5 31. Rae3 g4 32. Re8 Rxe8 33. Rxe8 gxf3 34. Rxg8
Nd7 35. Nxf5+ Kh7 36. Rg7+ Kh8 37. Rf7 Kg8 38. Nh6+ Kh8 39. g4 Rb7 40. g5 Nxc5
41. dxc5 1-0

[Event "Reykjavik Open 2016"]
[Site "Reykjavik ISL"]
[Date "2016.03.09"]
[Round "3.40"]
[White "Fischer, Robert"]
[Black "Skousen, Nikolai"]
[Result "1/2-1/2"]
[BlackTitle "FM"]
[WhiteElo "1993"]
[BlackElo "2294"]
[WhiteFideId "2008653"]
[BlackFideId "1401432"]
[EventDate "2016.03.08"]

1. Nf3 g6 2. g3 Bg7 3. Bg2 d5 4. d4 Nf6 5. O-O O-O 6. c4 dxc4 7. Na3 c3 8. bxc3
c5 9. Ne5 Nfd7 10. f4 Nxe5 11. fxe5 Nc6 12. e3 Bd7 13. Nc2 Qa5 14. Bd2 Rad8 15.
Ne1 Qa6 16. Nf3 Na5 17. Ng5 Nc4 18. Bd5 Ba4 19. Bxc4 Qxc4 20. Qe1 Bc6 21. Qf2 f6
22. exf6 Bxf6 23. Nf3 Bg7 24. Qg2 Be4 25. Rf2 Qd5 26. Raf1 c4 27. g4 Rf7 28. Qg3
Bd3 29. e4 Bxe4 30. Ng5 Rxf2 31. Rxf2 Bd3 32. Qh4 h5 33. gxh5 gxh5 34. Qxh5 Rf8
35. Rxf8+ Bxf8 36. Bf4 Qf5 37. Qf3 b5 38. Qg3 Qg6 39. Ne6 Qxg3+ 40. hxg3 Be4 41.
Kf2 Bd5 1/2-1/2

[Event "Reykjavik Open 2016"]
[Site "Reykjavik ISL"]
[Date "2016.03.09"]
[Round "3.41"]
[White "Korning, Peter"]
[Black "Pogan, Nikolas"]
[Result "0-1"]
[BlackTitle "FM"]
[WhiteElo "1987"]
[BlackElo "2285"]
[WhiteFideId "1723332"]
[BlackFideId "24673579"]
[EventDate "2016.03.08"]

1. e4 d6 2. d4 Nf6 3. Nc3 e5 4. Nf3 Nbd7 5. Bc4 Be7 6. O-O O-O 7. h3 a6 8. a4 b6
9. Qe2 c6 10. Rd1 Qc7 11. Ba2 Bb7 12. Bg5 Rae8 13. dxe5 Nxe5 14. Nxe5 dxe5 15.
Rd2 b5 16. axb5 axb5 17. Rad1 Bc8 18. Qf3 h6 19. Be3 b4 20. Ne2 c5 21. Bc4 Bb7
22. Ng3 Rd8 23. Rxd8 Rxd8 24. Rxd8+ Bxd8 25. b3 Kh7 26. Bd3 g6 27. Qe2 Kg7 28.
Qd2 h5 29. f3 h4 30. Nf1 Nh5 31. Bc4 Be7 32. Bh6+ Kg8 33. Be3 Nf4 34. Nh2 Kg7
35. Bf2 f5 36. Qe1 fxe4 37. fxe4 Qc6 38. Bxh4 g5 39. Bg3 Qxe4 40. Qxe4 Bxe4 41.
Bxf4 gxf4 42. Ng4 Bf6 43. Nf2 Bxc2 44. Nd3 Kg6 45. Nxc5 e4 46. Kf1 Kf5 47. Ke2
Bd4 48. Na6 Bc3 49. Nc7 Bd4 50. Na6 Bc3 51. Nc7 Ke5 52. Nb5 Bb2 53. Kd2 Bb1 54.
Ke2 Bc1 55. Kd1 Be3 56. Ke2 Bb6 57. h4 Bd8 58. h5 Bg5 59. Nc7 Bh6 60. Nd5 Bd3+
61. Kd1 Bxc4 62. bxc4 b3 63. Ne7 f3 64. gxf3 exf3 65. c5 f2 66. Ke2 b2 67. Nc6+
Kf6 0-1

[Event "Reykjavik Open 2016"]
[Site "Reykjavik ISL"]
[Date "2016.03.09"]
[Round "3.42"]
[White "Viana, Dirceu"]
[Black "Arnalds, Stefan"]
[Result "1-0"]
[WhiteTitle "FM"]
[WhiteElo "2261"]
[BlackElo "2007"]
[WhiteFideId "2101360"]
[BlackFideId "2304821"]
[EventDate "2016.03.08"]

1. e4 c5 2. d3 e6 3. f4 Nc6 4. Nf3 g6 5. Be2 Nge7 6. O-O Nd4 7. Nxd4 cxd4 8. c4
dxc3 9. bxc3 Bg7 10. Be3 O-O 11. Qe1 d5 12. e5 b5 13. Na3 Bd7 14. Nc2 f6 15. d4
Rc8 16. Nb4 Qb6 17. Rf3 Nf5 18. Bf2 a5 19. Nd3 b4 20. g4 Nh6 21. Nc5 Be8 22. h3
fxe5 23. fxe5 Rxf3 24. Bxf3 Rxc5 25. dxc5 Qc7 26. cxb4 axb4 27. Qxb4 Qxe5 28.
Re1 Qf6 29. Bg2 Nf7 30. Qb8 Nd8 31. Bxd5 Bf8 32. Qe5 Qxe5 33. Rxe5 1-0

[Event "Reykjavik Open 2016"]
[Site "Reykjavik ISL"]
[Date "2016.03.09"]
[Round "3.43"]
[White "Yin, Stanley"]
[Black "Kazarian, Anna-Maja"]
[Result "0-1"]
[BlackTitle "FM"]
[WhiteElo "1961"]
[BlackElo "2248"]
[WhiteFideId "24622729"]
[BlackFideId "1033689"]
[EventDate "2016.03.08"]

1. g3 d5 2. c3 c5 3. Nf3 Nc6 4. d3 g6 5. Bg2 Bg7 6. Na3 Nf6 7. O-O e5 8. d4 cxd4
9. cxd4 e4 10. Ne5 Nxe5 11. dxe5 Ng4 12. Qa4+ Bd7 13. Qb3 Bc6 14. e6 f5 15. h3
Ne5 16. Nb5 Qb6 17. a4 Bxb5 18. axb5 Qxe6 19. f3 Nc4 20. fxe4 fxe4 21. Ra4 Rf8
22. Bf4 Be5 23. Bxe5 Rxf1+ 24. Kxf1 0-1

[Event "Reykjavik Open 2016"]
[Site "Reykjavik ISL"]
[Date "2016.03.09"]
[Round "3.44"]
[White "Einarsson, Halldor Gretar"]
[Black "Mehringer, Joerg"]
[Result "1-0"]
[WhiteTitle "FM"]
[BlackTitle "AIM"]
[WhiteElo "2245"]
[BlackElo "2000"]
[WhiteFideId "2300150"]
[BlackFideId "12915351"]
[EventDate "2016.03.08"]

1. d4 Nf6 2. c4 g6 3. f3 Bg7 4. e4 d6 5. Nc3 O-O 6. Be3 Na6 7. Qd2 c5 8. Nge2
Bd7 9. dxc5 Nxc5 10. e5 Ne8 11. Bxc5 dxc5 12. O-O-O Qc7 13. Qxd7 Qxe5 14. f4 Qf6
15. Rd2 Qa6 16. Qxe7 Qxc4 17. Qxb7 Nf6 18. Qf3 Qb4 19. g3 Rad8 20. Rxd8 Rxd8 21.
Bg2 Rb8 22. Nd1 Nd7 23. Nec3 Nb6 24. Re1 Nc4 25. Re2 Bd4 26. Qd3 a5 27. a3 Qb3
28. Bd5 Bxc3 29. Bxc4 1-0

[Event "Reykjavik Open 2016"]
[Site "Reykjavik ISL"]
[Date "2016.03.09"]
[Round "3.45"]
[White "Edvardsen, Ragnar"]
[Black "Haugli, Petter"]
[Result "0-1"]
[BlackTitle "IM"]
[WhiteElo "1954"]
[BlackElo "2244"]
[WhiteFideId "1502719"]
[BlackFideId "1500104"]
[EventDate "2016.03.08"]

1. e4 c5 2. Nf3 e6 3. d4 cxd4 4. Nxd4 Bc5 5. Nc3 Qb6 6. Na4 Qa5+ 7. c3 Bxd4 8.
Qxd4 Nf6 9. f3 Nc6 10. Qd1 O-O 11. Be3 d5 12. b4 Qc7 13. Bd3 dxe4 14. fxe4 Ne5
15. Bd4 Nxd3+ 16. Qxd3 e5 17. Bf2 Qc6 18. b5 Qxe4+ 19. Qxe4 Nxe4 20. O-O b6 21.
c4 Be6 22. c5 Nxf2 23. Rxf2 bxc5 24. Nxc5 Bc4 25. b6 axb6 26. Nd7 b5 27. Nxe5
Be6 28. Rb2 f6 29. Nc6 Bc4 30. Kf2 Rfe8 31. Nd4 Re5 32. Re1 Rd5 33. Nb3 Rf5+ 34.
Kg1 Bxb3 35. axb3 Ra3 36. Rf1 Re5 37. Rf3 Kf7 38. Kf2 h5 39. Rc2 Kg6 40. g3 Rd5
41. h4 Rf5 42. Rxf5 Kxf5 43. Rc5+ Kg4 44. Rxb5 Ra2+ 45. Kf1 Rc2 46. b4 Rc3 47.
Rb7 g5 48. hxg5 fxg5 49. b5 Rxg3 50. b6 Rb3 51. Rb8 Kg3 52. b7 g4 53. Rh8 Rxb7
54. Rxh5 Rb1+ 55. Ke2 Kg2 56. Rh7 g3 57. Rh8 Kg1 58. Rh7 g2 59. Rh8 Rb5 60. Rh7
Re5+ 61. Kd2 Kf2 62. Rf7+ Kg3 63. Rg7+ Kf3 64. Rg8 Re4 0-1

[Event "Reykjavik Open 2016"]
[Site "Reykjavik ISL"]
[Date "2016.03.09"]
[Round "3.46"]
[White "Ragnarsson, Dagur"]
[Black "Haraldsson, Haraldur"]
[Result "1-0"]
[WhiteTitle "FM"]
[WhiteElo "2243"]
[BlackElo "1988"]
[WhiteFideId "2304058"]
[BlackFideId "2311100"]
[EventDate "2016.03.08"]

1. d4 Nf6 2. g3 e6 3. c4 d5 4. Bg2 c6 5. Nf3 Nbd7 6. Qc2 Bd6 7. O-O O-O 8. Nbd2
b6 9. e4 dxe4 10. Nxe4 Nxe4 11. Qxe4 Bb7 12. Ne5 Rc8 13. Rd1 Nf6 14. Qe2 h6 15.
g4 Nh7 16. c5 Be7 17. b4 Nf6 18. g5 hxg5 19. Bxg5 Nd5 20. Bxd5 exd5 21. Bxe7
Qxe7 22. Qh5 Rc7 23. Rd3 Bc8 24. Rg3 Qf6 25. Rc1 g6 26. Qh6 Bf5 27. Qf4 Rfc8 28.
Ng4 Qe6 29. Re3 Bxg4 30. Rxe6 Bxe6 31. h4 b5 32. Rc3 1-0

[Event "Reykjavik Open 2016"]
[Site "Reykjavik ISL"]
[Date "2016.03.09"]
[Round "3.47"]
[White "Bjorgvinsson, Andri Freyr"]
[Black "Lind, Jan-Olov"]
[Result "0-1"]
[WhiteElo "1937"]
[BlackElo "2234"]
[WhiteFideId "2306913"]
[BlackFideId "1701193"]
[EventDate "2016.03.08"]

1. c4 Nf6 2. g3 g6 3. Bg2 Bg7 4. Nc3 O-O 5. e4 d6 6. Nge2 c5 7. O-O Nc6 8. d3
Rb8 9. h3 Ne8 10. Be3 Nd4 11. a4 a6 12. Rb1 Nc7 13. b4 Nxe2+ 14. Nxe2 Ne6 15. f4
Bd7 16. f5 Nd4 17. Nxd4 cxd4 18. Bd2 b6 19. h4 a5 20. Kh2 Qe8 21. b5 Qd8 22. Bh3
Rc8 23. fxg6 hxg6 24. Rb2 Rc5 25. Bg5 f6 26. Bc1 Bxh3 27. Kxh3 f5 28. exf5 Rcxf5
29. Rxf5 Rxf5 30. Rg2 Qf8 31. Bd2 Rf3 32. Qe2 Qf5+ 33. Kh2 Be5 34. Bg5 Kf7 35.
h5 gxh5 36. Bf4 Qxd3 37. Qe1 Bxf4 38. gxf4 Rh3+ 0-1

[Event "Reykjavik Open 2016"]
[Site "Reykjavik ISL"]
[Date "2016.03.09"]
[Round "3.48"]
[White "Lasinskas, Povilas"]
[Black "Hansen, Lars-Henrik Bech"]
[Result "1/2-1/2"]
[WhiteTitle "FM"]
[WhiteElo "2229"]
[BlackElo "1970"]
[WhiteFideId "12800503"]
[BlackFideId "1402021"]
[EventDate "2016.03.08"]

1. d4 g6 2. c4 Nf6 3. Nc3 Bg7 4. e4 d6 5. f3 O-O 6. Nge2 e5 7. d5 Nh5 8. Be3 f5
9. exf5 gxf5 10. Qd2 Qh4+ 11. Bf2 Qf6 12. O-O-O Na6 13. Kb1 Bd7 14. g3 Rab8 15.
Nc1 b6 16. Be2 Nc5 17. f4 Be8 18. fxe5 dxe5 19. d6 Qxd6 20. Qxd6 cxd6 21. Rxd6
Nb7 22. Rdd1 Nf6 23. Nd3 Ne4 24. Be1 Bc6 25. Rf1 Rbd8 26. Nb4 Rxd1+ 27. Bxd1
Nxc3+ 28. Bxc3 Be4+ 29. Bc2 Nc5 30. Bxe4 Nxe4 31. Kc2 Nxc3 32. Kxc3 f4 33. gxf4
exf4+ 34. Kc2 Re8 35. Rf2 Bd4 36. Rxf4 Bc5 37. Nd3 Re2+ 38. Kc3 Bd6 39. Rg4+ Kf7
40. h4 Rh2 41. b4 Rxa2 42. c5 bxc5 43. bxc5 Bc7 44. Rd4 Re2 45. Kc4 Re6 46. h5
Kf6 47. Nb4 Kg5 48. Rd7 Re4+ 49. Kb5 a5 50. Nc6 Bf4 51. Rxh7 a4 52. Ra7 Kxh5 53.
Nb4 Be3 54. Rxa4 Bxc5 55. Kxc5 Re1 56. Nd5 Kg5 57. Rf4 Re5 58. Rf1 Re4 59. Nc7
Re2 60. Kd4 Re7 61. Nd5 Re8 62. Nf6 Re7 63. Ne4+ Kg4 64. Ke3 Ra7 65. Rg1+ Kf5
66. Rg5+ Ke6 67. Rb5 Ra1 68. Nc3 Rf1 69. Kd4 Ra1 70. Re5+ Kf6 71. Nd5+ Kg6 72.
Re6+ Kf5 73. Rf6+ Kg5 74. Rf8 Rd1+ 75. Ke4 Kg6 76. Rf2 Ra1 77. Re2 Ra8 78. Rg2+
Kf7 79. Kf5 Ra5 80. Ke5 Ra1 81. Rf2+ Kg6 82. Ne7+ Kg7 83. Nf5+ Kf7 84. Nd6+ Ke7
85. Rf7+ Kd8 86. Ne4 Ra5+ 87. Ke6 Ra1 88. Rd7+ Kc8 89. Nd6+ Kb8 90. Rb7+ Ka8 91.
Rb2 Rh1 92. Kd7 Ka7 93. Rb4 Ka6 94. Nc4 Ka7 95. Kc6 Rh6+ 96. Nd6 Rg6 97. Rh4 Rg1 1/2-1/2

[Event "Reykjavik Open 2016"]
[Site "Reykjavik ISL"]
[Date "2016.03.09"]
[Round "3.49"]
[White "Edvardsson, Kristjan"]
[Black "Andersen, Niels Erik"]
[Result "1-0"]
[WhiteElo "2228"]
[BlackElo "1947"]
[WhiteFideId "2300893"]
[BlackFideId "1406507"]
[EventDate "2016.03.08"]

1. d4 d5 2. c4 e6 3. Nf3 Nf6 4. g3 Bb4+ 5. Bd2 Be7 6. Bg2 O-O 7. Qc2 Ne4 8. O-O
Nd7 9. Bf4 Bd6 10. Bxd6 Nxd6 11. Nbd2 Nf6 12. Rac1 c6 13. Ne5 Qe7 14. Rfd1 Bd7
15. Qb3 Rab8 16. Qa3 Ra8 17. e4 Nc8 18. Qxe7 Nxe7 19. cxd5 exd5 20. exd5 Nexd5
21. Bxd5 cxd5 22. Nxd7 Nxd7 23. Rc7 Nf6 24. Rxb7 a5 25. Rc1 h6 26. Rcc7 Rab8 27.
Nb3 Ne4 28. Nxa5 Ra8 29. b4 Nd6 30. Rb6 Nf5 31. Rd7 Nxd4 32. Rxd5 Ne2+ 33. Kg2
Nc3 34. Rd2 Ne4 35. Rc2 Nf6 36. a3 Rfd8 37. Rb7 Nd5 38. Rc5 Rd6 39. Nc4 Rdd8 40.
Na5 Rd6 41. Nc4 Rdd8 42. b5 1-0

[Event "Reykjavik Open 2016"]
[Site "Reykjavik ISL"]
[Date "2016.03.09"]
[Round "3.50"]
[White "Eiriksson, Sigurdur"]
[Black "Mueer, Sebastian"]
[Result "1-0"]
[WhiteElo "1933"]
[BlackElo "2228"]
[WhiteFideId "2302314"]
[BlackFideId "24622001"]
[EventDate "2016.03.08"]

1. e4 e6 2. d4 d5 3. Nc3 Bb4 4. e5 c5 5. a3 Bxc3+ 6. bxc3 Ne7 7. Qg4 cxd4 8.
Qxg7 Rg8 9. Qxh7 Qc7 10. Ne2 Nbc6 11. f4 dxc3 12. Qd3 d4 13. g3 b6 14. Bg2 Bb7
15. Rg1 O-O-O 16. Rb1 Nd5 17. Kf2 Kb8 18. Re1 f6 19. exf6 Nxf6 20. Kg1 Qc8 21.
Qc4 Rd6 22. Qa4 Nd7 23. Bxc6 Bxc6 24. Qb4 Nc5 25. Qxc5 Rd5 26. Qc4 Qd7 27. Rb4
Bb7 28. Nxd4 Rc8 29. Qe2 Rxd4 30. Qe5+ Rd6 31. Rd4 Bd5 32. f5 Ka8 33. Bf4 Rdc6
34. Red1 Qb7 35. Kf2 Qh7 36. h4 Rf8 37. R1d3 Qh5 38. f6 Qg6 39. Bg5 Rf7 40. Bf4
Rc8 41. Re3 Rcf8 42. h5 Qh7 43. Rxd5 Rxf6 44. Rd4 1-0

[Event "Reykjavik Open 2016"]
[Site "Reykjavik ISL"]
[Date "2016.03.09"]
[Round "3.51"]
[White "Cohen, Lawrence S"]
[Black "Ptacnikova, Lenka"]
[Result "1/2-1/2"]
[BlackTitle "WGM"]
[WhiteElo "1930"]
[BlackElo "2192"]
[WhiteFideId "2026228"]
[BlackFideId "305650"]
[EventDate "2016.03.08"]

1. c4 b6 2. Nc3 Bb7 3. e3 e6 4. Nf3 Nf6 5. a3 Be7 6. d4 d5 7. cxd5 exd5 8. Bd3
O-O 9. O-O Nbd7 10. b4 c5 11. bxc5 bxc5 12. dxc5 Nxc5 13. Be2 Rc8 14. Nb5 a6 15.
Nbd4 Nfe4 16. Bd2 Nxd2 17. Nxd2 Bf6 18. Rb1 Rc7 19. Rb4 g6 20. Qb1 Qe7 21. Re1
Re8 22. N2f3 Ne4 23. Bf1 a5 24. Rb6 Nd2 25. Qb5 Nxf3+ 26. Nxf3 Rec8 27. Rd1 Bc3
28. Nd4 Ba8 29. Qa6 Bxd4 30. Rxd4 Qxa3 31. Rb5 Rc1 32. Rxa5 Qe7 33. Ra1 Bb7 34.
Qa5 Qf6 35. Qa3 R1c2 36. Rf4 Qe5 37. Rd1 h5 38. Qb4 Bc6 39. Qd4 Qxd4 40. Rfxd4
Rb8 41. Bd3 Ra2 42. h4 Rbb2 43. Rf1 Rd2 44. Bb1 Rxd4 45. Bxa2 Rxh4 46. Rd1 Ra4
47. Bxd5 Bxd5 48. Rxd5 Ra2 49. g3 Kg7 50. Kg2 Kf6 51. Rd7 Ke6 1/2-1/2

[Event "Reykjavik Open 2016"]
[Site "Reykjavik ISL"]
[Date "2016.03.09"]
[Round "3.52"]
[White "Schou-Moldt, Thomas"]
[Black "Valtysson, Thor"]
[Result "0-1"]
[WhiteElo "2186"]
[BlackElo "1946"]
[WhiteFideId "1401297"]
[BlackFideId "2301903"]
[EventDate "2016.03.08"]

1. e4 c6 2. d4 d5 3. e5 Bf5 4. Nf3 e6 5. Be2 Nd7 6. O-O h6 7. Nbd2 Ne7 8. Re1
Bh7 9. Nf1 Nf5 10. Bd3 Be7 11. c3 Nh4 12. Nxh4 Bxd3 13. Qxd3 Bxh4 14. g3 Be7 15.
f4 g6 16. Ne3 Qb6 17. Kh1 c5 18. Bd2 cxd4 19. cxd4 Nb8 20. Bc3 Nc6 21. a3 O-O-O
22. b4 Kb8 23. Qd2 Rc8 24. Rab1 Qc7 25. Rb3 b5 26. Ra1 Kb7 27. a4 a6 28. Qd3 Qb6
29. axb5 axb5 30. Qd2 Ra8 31. Rba3 Rxa3 32. Rxa3 Ra8 33. Rxa8 Kxa8 34. Qa2+ Kb8
35. Nc2 Kb7 36. Kg2 Qd8 37. h3 Qf8 38. Na3 Qa8 39. Qb2 Qa4 40. Nc2 Kb6 41. Qb1
Bf8 42. Bd2 Kb7 43. Kf3 Qxc2 0-1

[Event "Reykjavik Open 2016"]
[Site "Reykjavik ISL"]
[Date "2016.03.09"]
[Round "3.53"]
[White "Acevedo Mendez, Lisseth"]
[Black "Haynes, Nicolas"]
[Result "0-1"]
[WhiteElo "1886"]
[BlackElo "2182"]
[WhiteFideId "6502938"]
[BlackFideId "2607271"]
[EventDate "2016.03.08"]

1. e4 c5 2. Nf3 Nc6 3. Bb5 g6 4. O-O Bg7 5. Re1 Nf6 6. c3 O-O 7. d4 cxd4 8. cxd4
d5 9. e5 Ne4 10. Be3 Qb6 11. Qb3 Rd8 12. Rc1 Na5 13. Qa4 a6 14. Bd3 Nc6 15. Qa3
Qb4 16. Qxb4 Nxb4 17. Bxe4 dxe4 18. Ng5 Nc6 19. Rxc6 bxc6 20. Nxe4 c5 21. Nxc5
Bxe5 22. Nc3 Bxd4 23. Rd1 e5 24. Bxd4 exd4 25. Ne2 d3 26. Rxd3 Rxd3 27. Nxd3 Be6
28. Nc3 Rd8 29. Nb4 Rd6 30. Kf1 a5 31. Ne4 Bc4+ 32. Ke1 Re6 0-1

[Event "Reykjavik Open 2016"]
[Site "Reykjavik ISL"]
[Date "2016.03.09"]
[Round "3.54"]
[White "Johannesson, Oliver"]
[Black "Birkisson, Bjorn Holm"]
[Result "1-0"]
[WhiteTitle "FM"]
[WhiteElo "2177"]
[BlackElo "1929"]
[WhiteFideId "2305623"]
[BlackFideId "2310600"]
[EventDate "2016.03.08"]

1. d4 d5 2. c4 c6 3. Nc3 Nf6 4. cxd5 cxd5 5. f3 Nc6 6. e4 dxe4 7. d5 Ne5 8. fxe4
a6 9. Nf3 Nxf3+ 10. Qxf3 e5 11. Bd3 Be7 12. O-O O-O 13. h3 Ne8 14. Be3 Nd6 15.
Qg3 Bf6 16. Na4 b5 17. Nc5 a5 18. Rac1 Qe7 19. a4 b4 20. Nb3 Ba6 21. Bc5 Rfd8
22. Nxa5 Bxd3 23. Nc6 Bxf1 24. Nxe7+ Bxe7 25. Bxd6 Bxd6 26. Kxf1 Rxa4 27. Qb3
Ra5 28. Rc6 Rc5 29. Qa4 g6 30. Ke2 Bf8 31. Qa7 Rc8 32. Qb7 Rc2+ 33. Kd3 1-0

[Event "Reykjavik Open 2016"]
[Site "Reykjavik ISL"]
[Date "2016.03.09"]
[Round "3.55"]
[White "Pashkov, Vladimir M."]
[Black "Adocchio, Giampiero"]
[Result "0-1"]
[WhiteElo "1881"]
[BlackElo "2174"]
[WhiteFideId "24194778"]
[BlackFideId "4666011"]
[EventDate "2016.03.08"]

1. d4 Nf6 2. Nf3 c5 3. e3 g6 4. Bd3 Bg7 5. Nbd2 cxd4 6. exd4 O-O 7. O-O b6 8.
Re1 Bb7 9. c3 d6 10. Ne4 Nbd7 11. Bg5 h6 12. Nxf6+ Nxf6 13. Bxf6 Bxf6 14. Qb3
Bxf3 15. gxf3 e5 16. Kh1 exd4 17. Rg1 Kh7 18. Rg2 dxc3 19. Rag1 Qe8 20. f4 cxb2
21. Qd5 Rc8 22. Qh5 Rg8 23. Qg4 Rc1 24. f5 g5 25. Rg3 Rxg1+ 26. Kxg1 Qe1+ 27.
Kg2 b1=Q 28. Bxb1 Qxb1 29. Rh3 Qxa2 30. Qh5 Bg7 31. f6 Bf8 32. Re3 Qd5+ 33. Kg1
Rg6 34. Re8 Rxf6 35. Rxf8 Kg7 36. Re8 Re6 37. Rxe6 Qxe6 38. Qd1 Qe5 39. Qb3 d5
40. Qb5 Qd6 41. Qa6 Qd7 42. Qd3 d4 0-1

[Event "Reykjavik Open 2016"]
[Site "Reykjavik ISL"]
[Date "2016.03.09"]
[Round "3.56"]
[White "Ingvason, Johann"]
[Black "Knoepfle, Andreas"]
[Result "1-0"]
[WhiteElo "2171"]
[BlackElo "1905"]
[WhiteFideId "2301431"]
[BlackFideId "1270685"]
[EventDate "2016.03.08"]

1. e4 e6 2. d4 d5 3. Nc3 dxe4 4. Nxe4 Nd7 5. Nf3 Ngf6 6. Ng3 c5 7. Bg5 cxd4 8.
Qxd4 Qa5+ 9. Bd2 Qc5 10. Bd3 Qxd4 11. Nxd4 Bc5 12. Nb3 Bb6 13. a4 a6 14. a5 Ba7
15. Bb4 Ne5 16. Be2 Bd7 17. O-O Nd5 18. Bd6 Bb8 19. Bxb8 Rxb8 20. f4 Nc6 21. Nc5
Ke7 22. Rfe1 Rhd8 23. f5 e5 24. Bf3 Ndb4 25. Be4 Be8 26. f6+ gxf6 27. c3 Nd5 28.
Bxh7 Nf4 29. Ne2 Ne6 30. Ne4 Ng5 31. Nxg5 fxg5 32. Ng3 f6 33. Ne4 Rd5 34. b4 Nd8
35. Rf1 Rc8 36. Nxf6 Rd2 37. Rae1 Bb5 38. Rxe5+ Kd6 39. Rxb5 1-0

[Event "Reykjavik Open 2016"]
[Site "Reykjavik ISL"]
[Date "2016.03.09"]
[Round "3.57"]
[White "Karlsson, Mikael Johann"]
[Black "Modder, Frank"]
[Result "1/2-1/2"]
[WhiteElo "2164"]
[BlackElo "1904"]
[WhiteFideId "2305194"]
[BlackFideId "24631612"]
[EventDate "2016.03.08"]

1. d4 e6 2. Nf3 f5 3. c4 Nf6 4. Nc3 d6 5. g3 Be7 6. Bg2 O-O 7. O-O Ne4 8. Qc2
Nxc3 9. bxc3 Nc6 10. Rb1 e5 11. d5 Nb8 12. c5 Nd7 13. cxd6 cxd6 14. Ba3 Qc7 15.
Nd2 b6 16. e4 Ba6 17. Rfc1 f4 18. Bh3 fxg3 19. hxg3 Nc5 20. Bxc5 Qxc5 21. Nb3
Qc7 22. Qd2 Bc8 23. Bg2 Bg4 24. Qe3 Rac8 25. Rc2 Qd8 26. a4 Bg5 27. Qd3 Bd7 28.
Ra1 h5 29. c4 h4 30. a5 hxg3 31. fxg3 Qf6 32. axb6 axb6 33. Re1 Ra8 34. Rf1 Qh6
35. Rxf8+ Rxf8 36. Re2 Bg4 37. Re1 Ra8 38. Bf3 Bd7 39. Na1 Ra2 40. Nc2 Ba4 41.
Bd1 Qh3 42. Re2 Bxc2 43. Rxc2 Rxc2 44. Bxc2 Qh6 45. Kg2 Be3 46. Bd1 Bd4 47. Bf3
Qe3 48. Qf1 Qd2+ 49. Kh3 Qh6+ 50. Kg2 1/2-1/2

[Event "Reykjavik Open 2016"]
[Site "Reykjavik ISL"]
[Date "2016.03.09"]
[Round "3.58"]
[White "Hauksson, Hordur Aron"]
[Black "Thorgeirsson, Jon Kristinn"]
[Result "1/2-1/2"]
[WhiteElo "1873"]
[BlackElo "2157"]
[WhiteFideId "2303680"]
[BlackFideId "2307731"]
[EventDate "2016.03.08"]

1. d4 e6 2. c4 f5 3. Nc3 Nf6 4. g3 Be7 5. Bg2 O-O 6. Nf3 d6 7. O-O Qe8 8. Qd3
Nbd7 9. e4 fxe4 10. Nxe4 Nxe4 11. Qxe4 Nf6 12. Qd3 Rb8 13. Bd2 Qh5 14. Rae1 Bd7
15. Qe2 c5 16. dxc5 Qxc5 17. Ng5 e5 18. Ne4 Qc7 19. Nxf6+ Bxf6 20. b3 b5 21. Qd3
bxc4 22. bxc4 Bc6 23. Bd5+ Kh8 24. Rb1 Rbc8 25. Qa3 Bxd5 26. cxd5 Qc4 27. Bb4
Qxd5 28. Rbd1 Qb5 29. Bxd6 Rfe8 30. Qxa7 Ra8 31. Qc5 Qxc5 32. Bxc5 Rxa2 33. Rb1 1/2-1/2

[Event "Reykjavik Open 2016"]
[Site "Reykjavik ISL"]
[Date "2016.03.09"]
[Round "3.59"]
[White "Giannatos, Peter"]
[Black "Kolka, Dawid"]
[Result "1-0"]
[WhiteElo "2155"]
[BlackElo "1891"]
[WhiteFideId "2041650"]
[BlackFideId "2308010"]
[EventDate "2016.03.08"]

1. d4 d5 2. Bf4 Nf6 3. e3 c6 4. c4 e6 5. Nf3 Bb4+ 6. Nbd2 Nbd7 7. Bd3 dxc4 8.
Bxc4 Nb6 9. Bd3 O-O 10. O-O Qe7 11. Rc1 Bd7 12. Bb1 Rac8 13. Bg5 Qd8 14. Ne4
Nbd5 15. Qd3 g6 16. Nc5 Bxc5 17. dxc5 Qc7 18. Rcd1 Ne8 19. e4 Ndf6 20. Qd4 Kg7
21. Ne5 Rd8 22. Ng4 e5 23. Nxe5 Bg4 24. Qxd8 Qxe5 25. Bxf6+ Nxf6 26. Qd4 Qg5 27.
f3 Be6 28. Kh1 Kg8 29. f4 Qh4 30. g3 Qh5 31. Qxf6 Bg4 32. Rde1 Bf3+ 33. Kg1
Qxc5+ 34. Rf2 Bg4 35. Qc3 Qb6 36. Qd3 Qa5 37. Rd2 Re8 38. Qc3 Qb6+ 39. Qd4 Qa5
40. a3 c5 41. Qc3 Qb6 42. Ba2 Bf5 43. Bd5 Qc7 44. Rc2 1-0